[Event "EU-ch rapid"]
[Site "Wroclaw"]
[Date "2014.12.20"]
[Round "2"]
[White "Bakin, Alexander"]
[Black "Salgado Lopez, Ivan"]
[Result "0-1"]
[WhiteElo "2177"]
[BlackElo "2622"]
[PlyCount "67"]
[EventDate "2014.12.20"]
[EventType "swiss (rapid)"]
[EventRounds "11"]
[EventCountry "POL"]
[SourceTitle "CBM 164 Extra"]
[Source "ChessBase"]
[SourceDate "2015.03.02"]
[SourceVersion "1"]
[SourceVersionDate "2015.03.02"]
[SourceQuality "1"]

1. e4 c5 2. Nf3 Nc6 3. Bb5 g6 4. 0-0 Bg7 5. Re1 Nf6 6. c3 0-0 7. d4 d5 8. e5 Ne4 9. Bd3 Qb6 10. dxc5 Nxc5 11. Be3 d4 12. Nxd4 Nxe5 13. Bf1 Ng4 14. Nd2 Qc7 15. N2f3 a6 16. Bg5 e5 17. Nb3 e4 18. h3 exf3 19. hxg4 Ne6 20. Be3 fxg2 21. Bxg2 Bd7 22. Nd4 Nf4 23. Bf3 Rad8 24. Qd2 Be5 25. Rad1 Bc8 26. Qc2 Bg7 27. Ne2 Ne6 28. Rxd8 Qxd8 29. Kg2 Ng5 30. Bxg5 Qxg5 31. Qc1 Qa5 32. a3 f5 33. g5 f4 34. Rg1 0-1